00752 2200253 4500001002100000005001500021035002000036007000300056008004100059100003100100245008100131300002500212264006300237336002100300337003000321338002300351040002200374082001500396084001700411090001900428650001900447850001200466990002000478INLIS00000000086541620211014034837 a0010-1021000336ta211014n vp f | ger d1 aHauri, JohannesePengarang10aDer islam in seinem einfluss auf das leben seiner bekenner /cJohannes Hauri a361 halaman ;c25 cm31aLeiden :bE. J. Brill,ctahun terbit tidak teridentifikasi 2rdacontentateks 2rdamediaatanpa perantara 2rdacarrieravolume aYOPDYOGbinderda04223a297.01 a297.01 HAU d aL 297.01 HAU d 4aFilsafat Islam aYOPDYOG a68470-PD/A.2021